000 00629cam a2200229 a 4500
001 933524
005 20180220075038.0
008 830524s1983 njua b 001 0 eng
010 _a 83011045
020 _a0135666791 :
_c$21.95
040 _aDLC
_cDLC
_dDLC
041 _aeng
080 _a658.4012 hen
082 0 0 _a658.4012 hen
_219
100 1 _a54
101 _aman
245 1 3 _aAn MBO approach to long-range planning /
_cR. Henry Migliore.
504 _aIncludes bibliographical references and index.
740 0 _aM.B.O. approach.
906 _a7
_bcbc
_corignew
_d1
_eocip
_f19
_gy-gencatlg
942 _2ddc
_cBK
999 _c42930
_d42930